000 01253nam a22002657a 4500
999 _c22182
_d22182
003 AR-CdUCM
008 190425b ||||| |||| 00| 0 spa d
040 _aMUNICIPALIDAD PROVINCIAL DEL CUSCO
_cBIBLIOTECA MUNICIPAL DEL CUSCO
082 _aOropesa/N°81/2012
245 _aOropesa :
_brevista de cultura y educación de opinión y crítica /
_cAmérico Valer Vargas, Director
260 _aCusco.
_bLezama,
_c2012.
300 _a18 páginas. :
_bilustraciones ;
_c30 cm.
440 _aOropesa.
_nAño XXXI, N°LXXXI, febrero 2012.
_947606
505 _aContenido: Hechos y acontecimientos históricos de Oropesa en síntesis. -- Augusto Roa Bastos opositor valiente contra los abusivos y poderosos. -- Retroceso glaciar y cambios climáticos en los andes peruanos principales impactos. -- Machupicchu Santuario Histórico de la Humanidad. -- Conjunto musical los Amaru de Tinta.
650 _aPolítica cusqueña
_947381
650 _aCultura andina
_947570
650 _aSociedad cusqueña
_947493
650 _aSiglo XX
_947561
700 _aValer Vargas, Alejandro
_947563
700 _aGil Mora, Juan Eduardo
_933267
700 _aMould de Pease, Mariana
_97113
700 _aValer Vargas, Américo
_947562
942 _2ddc
_cPP
945 _arac